[Event "Titled Tuesday intern op 17th Jan Early"]
[Site "Chess.com INT"]
[Date "2023.01.17"]
[Round "10"]
[White "Bazarov, Konstantin"]
[Black "Donskov, Anatoly"]
[Result "0-1"]
[WhiteElo "2235"]
[BlackElo "2279"]
[PlyCount "58"]
[EventDate "2023.01.17"]
[EventType "swiss (blitz)"]
[EventRounds "11"]
[EventCountry "USA"]
[SourceTitle "CBM 212 Extra"]
[Source "ChessBase"]
[SourceDate "2023.03.31"]
[SourceVersion "1"]
[SourceVersionDate "2023.03.31"]
[SourceQuality "1"]

1. c4 e6 2. Nf3 d5 3. e3 Nf6 4. Nc3 dxc4 5. Bxc4 c5 6. d4 a6 7. b3 b5 8. Be2 Bb7 9. 0-0 Be7 10. dxc5 Bxc5 11. Qxd8+ Kxd8 12. Bb2 Ke7 13. Rac1 Nbd7 14. Rfd1 g6 15. a3 Rhc8 16. h3 Bd6 17. Nd4 Nc5 18. b4 Ncd7 19. Bf3 Bxf3 20. Nxf3 Nb6 21. Nxb5 Rxc1 22. Rxc1 axb5 23. Rc6 Nc4 24. Bxf6+ Kxf6 25. Nd4 Rxa3 26. g3 Ra1+ 27. Kg2 Bxb4 28. Nxb5 Ne5 29. Nd4 Nxc6 0-1

[Event "Titled Tuesday intern op 17th Jan Early"]
[Site "Chess.com INT"]
[Date "2023.01.17"]
[Round "9"]
[White "Soham, Datar"]
[Black "Bazarov, Konstantin"]
[Result "0-1"]
[WhiteElo "2222"]
[BlackElo "2235"]
[PlyCount "58"]
[EventDate "2023.01.17"]
[EventType "swiss (blitz)"]
[EventRounds "11"]
[EventCountry "USA"]
[SourceTitle "CBM 212 Extra"]
[Source "ChessBase"]
[SourceDate "2023.03.31"]
[SourceVersion "1"]
[SourceVersionDate "2023.03.31"]
[SourceQuality "1"]

1. e4 c6 2. d4 d5 3. exd5 cxd5 4. Bd3 Nc6 5. c3 Nf6 6. Nf3 Bg4 7. Bf4 e6 8. Nbd2 Bd6 9. Bxd6 Qxd6 10. 0-0 0-0 11. Qe2 Rfe8 12. Rae1 e5 13. dxe5 Nxe5 14. Kh1 Nxf3 15. Qxe8+ Rxe8 16. Rxe8+ Nxe8 17. Nxf3 Bxf3 18. gxf3 Qf4 19. Bxh7+ Kxh7 20. Rc1 Qxc1+ 21. Kg2 Nf6 22. c4 d4 23. c5 d3 24. c6 bxc6 25. b4 d2 26. a4 d1Q 27. b5 Qg1+ 28. Kh3 Qcf1+ 29. Kh4 g5# 0-1

[Event "Titled Tuesday intern op 10th Jan Early"]
[Site "Chess.com INT"]
[Date "2023.01.10"]
[Round "11"]
[White "Chos, Alexey"]
[Black "Bazarov, Konstantin"]
[Result "1-0"]
[WhiteElo "2296"]
[BlackElo "2235"]
[PlyCount "57"]
[EventDate "2023.01.10"]
[EventType "swiss (blitz)"]
[EventRounds "11"]
[EventCountry "USA"]
[SourceTitle "EXT 2024"]
[Source "ChessBase"]
[SourceDate "2023.10.10"]
[SourceVersion "1"]
[SourceVersionDate "2023.10.10"]
[SourceQuality "1"]

1. Nf3 Nf6 2. c4 c6 3. g3 d5 4. Bg2 g6 5. 0-0 Bg7 6. d4 dxc4 7. a4 Na6 8. Na3 Be6 9. Ng5 Bd5 10. e4 h6 11. exd5 hxg5 12. dxc6 Nd5 13. cxb7 Rb8 14. Nxc4 Rxb7 15. Bxg5 0-0 16. Be3 Rb4 17. Qc2 e6 18. Ne5 Nxe3 19. fxe3 Bxe5 20. dxe5 Qg5 21. Qc3 Rfb8 22. Rf4 Rxb2 23. Qa5 Rb1+ 24. Rxb1 Rxb1+ 25. Bf1 Nb8 26. Qc7 Na6 27. Qxf7+ Kh8 28. Qf8+ Kh7 29. Rf7# 1-0

[Event "Titled Tuesday intern op 03rd Jan Early"]
[Site "Chess.com INT"]
[Date "2023.01.03"]
[Round "8"]
[White "Bazarov, Konstantin"]
[Black "Bashirli, Saadat"]
[Result "1-0"]
[WhiteElo "2235"]
[BlackElo "1597"]
[PlyCount "89"]
[EventDate "2023.01.03"]
[EventType "swiss (blitz)"]
[EventRounds "11"]
[EventCountry "USA"]
[SourceTitle "EXT 2024"]
[Source "ChessBase"]
[SourceDate "2023.10.10"]
[SourceVersion "1"]
[SourceVersionDate "2023.10.10"]
[SourceQuality "1"]

1. c4 e6 2. Nf3 d5 3. e3 Nf6 4. Qc2 c6 5. b3 Bd6 6. Bb2 0-0 7. Be2 Nbd7 8. d3 e5 9. Nbd2 Qe7 10. Rg1 Nc5 11. h3 Bf5 12. Nh4 Be6 13. b4 Na6 14. a3 Rac8 15. 0-0-0 Nd7 16. Nhf3 c5 17. b5 Nc7 18. g4 a6 19. a4 axb5 20. axb5 Ra8 21. h4 dxc4 22. dxc4 Ra2 23. Ne4 Rfa8 24. Nxd6 e4 25. Nxe4 Nb6 26. Qc3 f6 27. Qb3 Kf8 28. Nc3 R2a5 29. g5 Na4 30. Nxa4 Rxa4 31. gxf6 gxf6 32. Qc3 Kf7 33. h5 Rb4 34. h6 Ke8 35. Rg7 Bf7 36. Nh4 Ra2 37. Nf5 Qe5 38. Nd6+ Ke7 39. Rxf7+ Kd8 40. Nf5+ Ke8 41. Re7+ Kf8 42. Rxe5 fxe5 43. Qxe5 Rbxb2 44. Qe7+ Kg8 45. Qg7# 1-0

[Event "Titled Tuesday intern op 03rd Jan Early"]
[Site "Chess.com INT"]
[Date "2023.01.03"]
[Round "4"]
[White "Bazarov, Konstantin"]
[Black "Wagner, Dennis"]
[Result "1-0"]
[WhiteElo "2235"]
[BlackElo "2584"]
[PlyCount "109"]
[EventDate "2023.01.03"]
[EventType "swiss (blitz)"]
[EventRounds "11"]
[EventCountry "USA"]
[SourceTitle "EXT 2024"]
[Source "ChessBase"]
[SourceDate "2023.10.10"]
[SourceVersion "1"]
[SourceVersionDate "2023.10.10"]
[SourceQuality "1"]

1. c4 e6 2. d4 d5 3. Nc3 Be7 4. Nf3 Nf6 5. Bg5 h6 6. Bh4 0-0 7. e3 b6 8. Rc1 Bb7 9. Bxf6 Bxf6 10. cxd5 exd5 11. b4 c6 12. Be2 Nd7 13. 0-0 Re8 14. Qb3 b5 15. a4 a6 16. a5 Be7 17. Rb1 Bd6 18. Bd3 Nf6 19. h3 Qe7 20. Nd2 Rad8 21. Rfe1 Bb8 22. Bf1 Qc7 23. g3 h5 24. h4 Bc8 25. Nf3 Bf5 26. Rbc1 Qd7 27. Bg2 Bh3 28. Bh1 Bf5 29. Ng5 Ng4 30. Ne2 Re7 31. Qc3 Rc8 32. Bg2 f6 33. Nf3 Kh7 34. Nh2 Qd6 35. Nf4 Nxh2 36. Kxh2 Bg4 37. f3 Bd7 38. Nxh5 g6 39. Nf4 Kg7 40. Qc5 Rh8 41. Qxd6 Bxd6 42. Rb1 g5 43. Ne2 gxh4 44. f4 hxg3+ 45. Kxg3 Rxe3+ 46. Kf2 Rhe8 47. Bf3 R8e7 48. Rg1+ Kf8 49. Rh1 Bf5 50. Rh8+ Kg7 51. Rbh1 Bxb4 52. Ng3 Bd3 53. f5 Be1+ 54. Kg2 Rxf3 55. R1h7# 1-0

[Event "Titled Tuesday intern op 20th Dec Early"]
[Site "Chess.com INT"]
[Date "2022.12.20"]
[Round "10"]
[White "Bazarov, Konstantin"]
[Black "Petrova, Irina"]
[Result "1-0"]
[WhiteElo "2235"]
[BlackElo "2123"]
[PlyCount "69"]
[EventDate "2022.12.20"]
[EventType "swiss (blitz)"]
[EventRounds "11"]
[EventCountry "USA"]
[SourceTitle "EXT 2024"]
[Source "ChessBase"]
[SourceDate "2023.10.10"]
[SourceVersion "1"]
[SourceVersionDate "2023.10.10"]
[SourceQuality "1"]

1. d4 d6 2. c4 e5 3. e3 exd4 4. exd4 g6 5. Nf3 Bg7 6. h3 Nf6 7. Bd3 0-0 8. 0-0 Nc6 9. Nc3 Bd7 10. d5 Ne5 11. Be2 Nxf3+ 12. Bxf3 Re8 13. Bf4 Bf5 14. Qb3 b6 15. Rfe1 Qd7 16. g4 Nxg4 17. hxg4 Bxg4 18. Bg2 Bh3 19. Ne4 Bxg2 20. Kxg2 Qf5 21. Qf3 Bxb2 22. Rab1 Bg7 23. Ng3 Qc2 24. a3 h5 25. Rbc1 Qb2 26. Ne4 Re7 27. Re2 Qd4 28. Bg5 Ree8 29. Bf6 Rxe4 30. Bxd4 Rxd4 31. Rce1 Rg4+ 32. Kf1 Rf8 33. Re8 Rxc4 34. R1e7 Rc1+ 35. Kg2 1-0

[Event "Titled Tuesday intern op 20th Dec Early"]
[Site "Chess.com INT"]
[Date "2022.12.20"]
[Round "8"]
[White "Bazarov, Konstantin"]
[Black "Silva, Pedro Gil Ferreira"]
[Result "1-0"]
[WhiteElo "2235"]
[BlackElo "2237"]
[PlyCount "95"]
[EventDate "2022.12.20"]
[EventType "swiss (blitz)"]
[EventRounds "11"]
[EventCountry "USA"]
[SourceTitle "EXT 2024"]
[Source "ChessBase"]
[SourceDate "2023.10.10"]
[SourceVersion "1"]
[SourceVersionDate "2023.10.10"]
[SourceQuality "1"]

1. d4 Nf6 2. c4 e6 3. Nc3 Bb4 4. f3 0-0 5. a3 Be7 6. e4 d5 7. e5 Nfd7 8. c5 b6 9. b4 a5 10. Rb1 axb4 11. axb4 bxc5 12. bxc5 Ba6 13. Bxa6 Rxa6 14. Nge2 f6 15. exf6 Bxf6 16. 0-0 Nc6 17. f4 Ne7 18. Qd3 Qc8 19. Ng3 c6 20. Re1 Re8 21. Bd2 Ra3 22. Ra1 Qa8 23. Rxa3 Qxa3 24. Rxe6 Rb8 25. Re1 Rb2 26. Nh5 Nxc5 27. Nxf6+ gxf6 28. dxc5 Qxc5+ 29. Be3 Qc4 30. Qxc4 dxc4 31. Bc1 Rc2 32. Ne4 Nd5 33. f5 c3 34. Bh6 Rb2 35. Nd6 Rb8 36. Nc4 c2 37. Kf2 Nb4 38. Ke2 Re8+ 39. Ne3 Na2 40. Kd2 c1Q+ 41. Rxc1 Nxc1 42. Kxc1 Rd8 43. Kc2 Kf7 44. Bf4 Rd4 45. g3 h5 46. Kc3 Re4 47. Kd3 Ra4 48. Nc4 1-0

[Event "Titled Tuesday intern op 20th Dec Early"]
[Site "Chess.com INT"]
[Date "2022.12.20"]
[Round "5"]
[White "Shapiro, Daniel E"]
[Black "Bazarov, Konstantin"]
[Result "1-0"]
[WhiteElo "2284"]
[BlackElo "2235"]
[PlyCount "97"]
[EventDate "2022.12.20"]
[EventType "swiss (blitz)"]
[EventRounds "11"]
[EventCountry "USA"]
[SourceTitle "EXT 2024"]
[Source "ChessBase"]
[SourceDate "2023.10.10"]
[SourceVersion "1"]
[SourceVersionDate "2023.10.10"]
[SourceQuality "1"]

1. d4 d6 2. e4 Nf6 3. Nc3 g6 4. h3 a6 5. a4 b6 6. g3 Bb7 7. Bg2 Qc8 8. Nge2 Nbd7 9. Be3 Bg7 10. 0-0 e5 11. g4 0-0 12. Ng3 exd4 13. Bxd4 Nc5 14. g5 Nfd7 15. Bxg7 Kxg7 16. Qd4+ Kg8 17. f4 a5 18. h4 Re8 19. Bh3 Qd8 20. Nd5 Bxd5 21. Qxd5 Qe7 22. Bg2 Nf8 23. f5 Rac8 24. h5 c6 25. Qc4 Ncd7 26. fxg6 hxg6 27. hxg6 Nxg6 28. Nf5 Qe6 29. Nh6+ Kh8 30. Qxe6 Rxe6 31. Rxf7 Ndf8 32. Kf2 Nh7 33. Rh1 Nxg5 34. Nf5+ Kg8 35. Rg7+ Kf8 36. Rh6 Rf6 37. Rhxg6 Nxe4+ 38. Bxe4 Rxg6 39. Rxg6 d5 40. Rf6+ Ke8 41. Bd3 Kd7 42. Nd6 Rh8 43. Rg6 Rh2+ 44. Ke3 Rh3+ 45. Kf4 c5 46. Ke5 Kc6 47. Bf5 Rh2 48. Nb5+ Kb7 49. Rg7+ 1-0

[Event "Titled Tuesday intern op 20th Dec Early"]
[Site "Chess.com INT"]
[Date "2022.12.20"]
[Round "6"]
[White "Viskelis, Darius"]
[Black "Bazarov, Konstantin"]
[Result "1-0"]
[WhiteElo "2144"]
[BlackElo "2235"]
[PlyCount "149"]
[EventDate "2022.12.20"]
[EventType "swiss (blitz)"]
[EventRounds "11"]
[EventCountry "USA"]
[SourceTitle "EXT 2024"]
[Source "ChessBase"]
[SourceDate "2023.10.10"]
[SourceVersion "1"]
[SourceVersionDate "2023.10.10"]
[SourceQuality "1"]

1. e4 b6 2. d4 Bb7 3. Nc3 e6 4. Nf3 Bb4 5. Bd3 Nf6 6. Qe2 d5 7. exd5 Nxd5 8. Bd2 Nxc3 9. bxc3 Be7 10. 0-0 Nd7 11. a4 a5 12. Rfe1 0-0 13. c4 Bf6 14. c3 Re8 15. Rab1 Qc8 16. Rb5 Bc6 17. Rh5 g6 18. Rh3 Bxa4 19. Ng5 Nf8 20. Ne4 Bg7 21. Bh6 Qd8 22. Qe3 Bc6 23. Bxg7 Kxg7 24. Qh6+ Kg8 25. Ng5 Qf6 26. Ne4 Qg7 27. Qh4 Bxe4 28. Bxe4 Rab8 29. Bc6 Red8 30. d5 e5 31. Qe7 f6 32. Qa3 Nd7 33. f4 Nc5 34. fxe5 fxe5 35. Qc1 Rf8 36. Qg5 e4 37. Qg3 Rbd8 38. Rh4 Qf6 39. h3 Qf5 40. Rg4 Qf7 41. h4 Kg7 42. h5 Rd6 43. Qh4 Rf6 44. h6+ Kh8 45. Qg5 Rf1+ 46. Rxf1 Qxf1+ 47. Kh2 Qf6 48. Qe3 Qe5+ 49. Kh3 Qf5 50. Kh4 Qf6+ 51. Kh3 Qe5 52. g3 Rf5 53. Rf4 Rxf4 54. Qxf4 Qxf4 55. gxf4 Kg8 56. Kg3 Kf7 57. Kf2 Kf6 58. Ke3 g5 59. fxg5+ Kxg5 60. d6 cxd6 61. Bxe4 Nxe4 62. Kxe4 Kxh6 63. Kd5 Kg5 64. c5 h5 65. cxd6 h4 66. d7 h3 67. d8Q+ Kf4 68. Qh4+ Ke3 69. Qxh3+ Kd2 70. Kc4 b5+ 71. Kxb5 a4 72. Kxa4 Kc2 73. c4 Kb2 74. c5 Ka2 75. c6 1-0

[Event "Titled Tuesday intern op 13th Dec Early"]
[Site "Chess.com INT"]
[Date "2022.12.13"]
[Round "11"]
[White "Chernomordik, Pavel"]
[Black "Bazarov, Konstantin"]
[Result "1-0"]
[WhiteElo "2198"]
[BlackElo "2235"]
[PlyCount "129"]
[EventDate "2022.12.13"]
[EventType "swiss (blitz)"]
[EventRounds "11"]
[EventCountry "USA"]
[SourceTitle "EXT 2024"]
[Source "ChessBase"]
[SourceDate "2023.10.10"]
[SourceVersion "1"]
[SourceVersionDate "2023.10.10"]
[SourceQuality "1"]

1. e4 b6 2. d4 Bb7 3. Nc3 e6 4. Nge2 d5 5. exd5 exd5 6. Ng3 Nf6 7. Bd3 Bb4 8. 0-0 0-0 9. Bg5 h6 10. Be3 Bc8 11. Nce2 Ng4 12. Bf4 Bd6 13. h3 Bxf4 14. Nxf4 Nf6 15. c3 Nc6 16. Qf3 Be6 17. Rfe1 Qd6 18. Qe3 Bd7 19. Nf5 Bxf5 20. Bxf5 Rfe8 21. Qf3 Ne7 22. Bd3 c5 23. Rad1 cxd4 24. Bb5 Red8 25. Rxd4 Qc5 26. Qe2 Nf5 27. Rdd1 d4 28. c4 Rac8 29. Nd3 Qc7 30. Ba6 Rb8 31. Qe5 Qxe5 32. Nxe5 Rd6 33. b4 Nd7 34. Nd3 Kf8 35. Bb5 Nf6 36. Re5 Ne7 37. Rde1 Ng6 38. R5e2 Rdd8 39. f4 Rbc8 40. f5 Nh4 41. Re7 Nxf5 42. Rxa7 Ne3 43. c5 bxc5 44. bxc5 Ra8 45. Rxa8 Rxa8 46. a4 Nfd5 47. Ne5 Nc7 48. Bc6 Rd8 49. Rb1 Ke7 50. Be4 Ke6 51. Nc6 Re8 52. Nxd4+ Ke5 53. Bc6 Rd8 54. Nf3+ Kf4 55. Kf2 Nf5 56. Rb4+ Nd4 57. Rxd4+ Rxd4 58. Nxd4 Na6 59. Nb3 Ke5 60. Bb7 f5 61. Bxa6 Kd5 62. Bd3 Kc6 63. Bxf5 g5 64. Be4+ Kc7 65. Nd4 1-0

[Event "Titled Tuesday intern op 13th Dec Early"]
[Site "Chess.com INT"]
[Date "2022.12.13"]
[Round "8"]
[White "Krzywda, Andrzej"]
[Black "Bazarov, Konstantin"]
[Result "0-1"]
[WhiteElo "2262"]
[BlackElo "2235"]
[PlyCount "66"]
[EventDate "2022.12.13"]
[EventType "swiss (blitz)"]
[EventRounds "11"]
[EventCountry "USA"]
[SourceTitle "EXT 2024"]
[Source "ChessBase"]
[SourceDate "2023.10.10"]
[SourceVersion "1"]
[SourceVersionDate "2023.10.10"]
[SourceQuality "1"]

1. e4 c6 2. d4 d5 3. exd5 cxd5 4. Bd3 Nc6 5. c3 Nf6 6. Bf4 Bg4 7. Qb3 Qd7 8. Nd2 e6 9. Ngf3 Bxf3 10. Nxf3 Bd6 11. Bxd6 Qxd6 12. 0-0 0-0 13. Rae1 Nd7 14. Qc2 g6 15. Qe2 Qf4 16. g3 Qf6 17. Kg2 a6 18. a4 Rfe8 19. Ne5 Ncxe5 20. dxe5 Qe7 21. h4 Rac8 22. h5 Kg7 23. Rh1 Qg5 24. f4 Qe7 25. Qg4 Rh8 26. h6+ Kf8 27. Rhf1 Ke8 28. a5 Kd8 29. Qe2 Qc5 30. Qe3 Qxa5 31. Ra1 Qb6 32. Qf3 Qxb2+ 33. Rf2 Qxa1 0-1

[Event "Titled Tuesday intern op 06th Dec Early"]
[Site "Chess.com INT"]
[Date "2022.12.06"]
[Round "8"]
[White "Bazarov, Konstantin"]
[Black "Kashtanov, Ruslan"]
[Result "1-0"]
[WhiteElo "2235"]
[BlackElo "2376"]
[PlyCount "97"]
[EventDate "2022.12.06"]
[EventType "swiss (blitz)"]
[EventRounds "11"]
[EventCountry "USA"]
[SourceTitle "CBM 211 Extra"]
[Source "ChessBase"]
[SourceDate "2023.01.31"]
[SourceVersion "1"]
[SourceVersionDate "2023.01.31"]
[SourceQuality "1"]

1. d4 Nf6 2. c4 g6 3. Nc3 Bg7 4. e4 d6 5. Nge2 a6 6. Ng3 0-0 7. h4 c5 8. d5 e6 9. Be2 exd5 10. exd5 b5 11. cxb5 Re8 12. 0-0 Nbd7 13. h5 Ne5 14. h6 Bh8 15. Bg5 Qa5 16. a4 Qb4 17. Qc2 Bb7 18. Rfd1 Nc4 19. Rab1 Nb6 20. Bf3 axb5 21. Nxb5 Bxd5 22. Bxd5 Nfxd5 23. Nxd6 Re6 24. Nde4 c4 25. b3 cxb3 26. Rxb3 Qxa4 27. Qb1 Bd4 28. Rbd3 Be5 29. Nc5 Qc6 30. Nxe6 Qxe6 31. Re1 f6 32. Bc1 Nc4 33. Qc2 Ncb6 34. Bb2 Rc8 35. Qe2 Nc4 36. Bxe5 Nxe5 37. Rdd1 Nf4 38. Qe4 g5 39. Nf5 Rc4 40. Qa8+ Kf7 41. Nd6+ Kg6 42. Nxc4 Qxc4 43. Qe4+ Qxe4 44. Rxe4 Kxh6 45. g3 Nfg6 46. Kg2 Kg7 47. Rh1 g4 48. Ra4 f5 49. Ra7+ 1-0

[Event "Titled Tuesday intern op 06th Dec Early"]
[Site "Chess.com INT"]
[Date "2022.12.06"]
[Round "5"]
[White "Bazarov, Konstantin"]
[Black "Miszler, Levente"]
[Result "1-0"]
[WhiteElo "2235"]
[BlackElo "2267"]
[PlyCount "53"]
[EventDate "2022.12.06"]
[EventType "swiss (blitz)"]
[EventRounds "11"]
[EventCountry "USA"]
[SourceTitle "CBM 211 Extra"]
[Source "ChessBase"]
[SourceDate "2023.01.31"]
[SourceVersion "1"]
[SourceVersionDate "2023.01.31"]
[SourceQuality "1"]

1. c4 c5 2. Nf3 Nc6 3. g3 g6 4. Bg2 Bg7 5. 0-0 e5 6. d3 Nge7 7. Nc3 d6 8. a3 a5 9. Rb1 0-0 10. Nd2 h6 11. b3 f5 12. Nd5 f4 13. Bb2 g5 14. e3 Ng6 15. Qh5 Nce7 16. Be4 Bf5 17. Bxf5 Rxf5 18. Ne4 Nxd5 19. Qxg6 Ne7 20. Qxd6 g4 21. Rbd1 Qe8 22. exf4 exf4 23. Bxg7 Kxg7 24. Nxc5 Rd8 25. Qxd8 Qxd8 26. Ne6+ Kf6 27. Nxd8 1-0

[Event "Titled Tuesday intern op 06th Dec Early"]
[Site "Chess.com INT"]
[Date "2022.12.06"]
[Round "10"]
[White "Jaskolka, Tomasz"]
[Black "Bazarov, Konstantin"]
[Result "1-0"]
[WhiteElo "2188"]
[BlackElo "2235"]
[PlyCount "65"]
[EventDate "2022.12.06"]
[EventType "swiss (blitz)"]
[EventRounds "11"]
[EventCountry "USA"]
[SourceTitle "CBM 211 Extra"]
[Source "ChessBase"]
[SourceDate "2023.01.31"]
[SourceVersion "1"]
[SourceVersionDate "2023.01.31"]
[SourceQuality "1"]

1. e4 b6 2. d4 Bb7 3. Nc3 e6 4. Nf3 Bb4 5. Bd3 Nf6 6. Qe2 d5 7. exd5 Nxd5 8. Bd2 Nxc3 9. bxc3 Be7 10. 0-0 Nd7 11. a4 a5 12. Rfe1 0-0 13. Ne5 Nxe5 14. Qxe5 Qd5 15. Qg3 Qd7 16. Bh6 Bf6 17. Bf4 Rac8 18. h4 Kh8 19. h5 h6 20. Qe3 Ba8 21. Bxh6 Qd5 22. f3 Qxh5 23. Bf4 Bh4 24. g3 g5 25. gxh4 gxf4 26. Qe5+ Qxe5 27. Rxe5 Bxf3 28. Kf2 Bc6 29. Rg1 f5 30. Rxe6 Rf7 31. Rh6+ Rh7 32. Rxh7+ Kxh7 33. Bxf5+ 1-0

[Event "Titled Tuesday intern op 06th Dec Early"]
[Site "Chess.com INT"]
[Date "2022.12.06"]
[Round "9"]
[White "Sadilek, Peter"]
[Black "Bazarov, Konstantin"]
[Result "1/2-1/2"]
[WhiteElo "2299"]
[BlackElo "2235"]
[PlyCount "89"]
[EventDate "2022.12.06"]
[EventType "swiss (blitz)"]
[EventRounds "11"]
[EventCountry "USA"]
[SourceTitle "CBM 211 Extra"]
[Source "ChessBase"]
[SourceDate "2023.01.31"]
[SourceVersion "1"]
[SourceVersionDate "2023.01.31"]
[SourceQuality "1"]

1. d4 Nf6 2. Nf3 b6 3. g3 Bb7 4. Bg2 g6 5. 0-0 Bg7 6. c4 e6 7. Nc3 Ne4 8. Nxe4 Bxe4 9. Bg5 Qc8 10. Qd2 d6 11. c5 bxc5 12. dxc5 d5 13. Bh6 0-0 14. h4 Nd7 15. h5 Qd8 16. Bxg7 Kxg7 17. h6+ Kg8 18. Qc3 Qf6 19. Qxf6 Nxf6 20. Ne5 Bxg2 21. Kxg2 Rfb8 22. b3 a5 23. Nc6 Rb5 24. Rfc1 Kf8 25. Nd4 Rb4 26. Nc6 Rb7 27. Ne5 a4 28. bxa4 Rxa4 29. Rab1 Rab4 30. Rxb4 Rxb4 31. Rc2 Ke8 32. f3 Nd7 33. Nd3 Rb8 34. g4 f6 35. Kg3 c6 36. f4 Ke7 37. g5 Ra8 38. gxf6+ Nxf6 39. Ne5 Ne4+ 40. Kg4 Ra6 41. a4 Nf6+ 42. Kg5 Ne4+ 43. Kg4 Kf6 44. Nd7+ Ke7 45. Ne5 1/2-1/2

[Event "Titled Tuesday intern op 22nd Feb Early"]
[Site "Chess.com INT"]
[Date "2022.02.22"]
[Round "2"]
[White "Bazarov, Konstantin"]
[Black "Yilmaz, Mustafa"]
[Result "0-1"]
[WhiteElo "2226"]
[BlackElo "2627"]
[PlyCount "104"]
[EventDate "2022.02.22"]
[EventType "swiss (blitz)"]
[EventRounds "11"]
[EventCountry "USA"]
[SourceTitle "CBM 207 Extra"]
[Source "ChessBase"]
[SourceDate "2022.05.31"]
[SourceVersion "1"]
[SourceVersionDate "2022.05.31"]
[SourceQuality "1"]

1. d4 Nf6 2. c4 e6 3. Nf3 d5 4. Nc3 a6 5. cxd5 exd5 6. Bg5 Be6 7. Bxf6 Qxf6 8. Qb3 Ra7 9. a4 Qd8 10. e3 Nc6 11. Be2 Be7 12. 0-0 0-0 13. Rac1 Nb4 14. Qd1 c6 15. Qd2 Ra8 16. Ne5 a5 17. f4 f6 18. Nd3 Bf5 19. g4 Nxd3 20. Bxd3 Bxg4 21. f5 Bd6 22. Qg2 Bh5 23. Kh1 Qe7 24. Rce1 Kh8 25. Rg1 Rg8 26. Qh3 Bf7 27. Rg4 h6 28. Rh4 Qf8 29. Rg1 Re8 30. Kg2 Re7 31. Kf2 Be8 32. e4 dxe4 33. Nxe4 Bc7 34. Bc4 Bf7 35. Bxf7 Rxf7 36. Kg2 Qd8 37. Rd1 Qd5 38. Kf1 Re8 39. Nf2 Qc4+ 40. Kg1 Qe2 41. Rd3 Qe1+ 42. Kg2 Kg8 43. Qg3 Bxg3 44. Rxg3 Re2 45. Rf3 Rfe7 46. Rg4 Rxf2+ 47. Rxf2 Re2 48. Rgf4 Rxf2+ 49. Rxf2 Qe4+ 50. Kg3 Qxd4 51. Rf4 Qxb2 52. Re4 Qb3+ 0-1

[Event "Titled Tuesday intern op 18th Jan"]
[Site "Chess.com INT"]
[Date "2022.01.18"]
[Round "2"]
[White "Bazarov, Konstantin"]
[Black "San, Thit Lwin"]
[Result "0-1"]
[WhiteElo "2226"]
[BlackElo "2242"]
[PlyCount "122"]
[EventDate "2022.01.18"]
[EventType "swiss (blitz)"]
[EventRounds "11"]
[EventCountry "USA"]
[SourceTitle "CBM 206 Extra"]
[Source "ChessBase"]
[SourceDate "2022.03.31"]
[SourceVersion "1"]
[SourceVersionDate "2022.03.31"]
[SourceQuality "1"]

1. Nf3 Nf6 2. c3 c5 3. d3 d5 4. Nbd2 Nc6 5. e4 e6 6. Be2 Be7 7. 0-0 Qc7 8. a3 b6 9. b4 Bb7 10. Bb2 a6 11. Rc1 0-0 12. Qb3 Rac8 13. Rfe1 Rfd8 14. Bf1 b5 15. exd5 Nxd5 16. c4 bxc4 17. dxc4 Nf4 18. b5 Nd4 19. Nxd4 cxd4 20. Qg3 e5 21. Nf3 f6 22. Nh4 Bf8 23. Nf5 Kh8 24. c5 axb5 25. Bxb5 d3 26. Rcd1 Ne2+ 27. Rxe2 dxe2 28. Bxe2 Qxc5 29. Re1 Qc2 30. Ba1 Qxf5 31. Bg4 Qe4 32. f3 Qc2 33. Bxc8 Bxc8 34. h4 Rd1 35. Kh2 h6 36. Rxd1 Qxd1 37. Bc3 Qc1 38. Bb4 Bxb4 39. axb4 Qf4 40. Qxf4 exf4 41. b5 g5 42. b6 Bb7 43. Kg1 Kg7 44. Kf2 Kg6 45. hxg5 fxg5 46. Ke2 Kf5 47. Kd3 Ke5 48. Kc4 h5 49. Kc5 g4 50. Kc4 gxf3 51. gxf3 Bxf3 52. b7 Bxb7 53. Kd3 h4 54. Ke2 h3 55. Kf2 h2 56. Kf1 h1Q+ 57. Kf2 Qf3+ 58. Kg1 Qb3 59. Kf2 Qe3+ 60. Kf1 Qd2 61. Kg1 Qg2# 0-1